Kfz Kennzeichen Deutschland - Statistiken

Allgemein
  • Dieses Quiz wurde 13.306 mal gespielt
  • Das Durchschnittsergebnis liegt bei 61 aus 76
Antwortstatistiken
Hint Antwort % Korrekt
Berlin B
100%
Hannover H
100%
Düsseldorf D
99%
Essen E
99%
Frankfurt a. Main F
99%
Köln K
99%
München M
99%
Stuttgart S
99%
Augsburg A
98%
Leipzig L
98%
Nürnberg N
98%
Wuppertal W
98%
Bochum BO
97%
Hamburg HH
97%
Dortmund DO
95%
Hagen HA
95%
Bonn BN
94%
Chemnitz C
94%
Duisburg DU
94%
Mannheim MA
94%
Regensburg R
94%
Bielefeld BI
93%
Bremen HB
92%
Bremerhaven HB
92%
Kiel KI
92%
Wiesbaden WI
92%
Karlsruhe KA
91%
Potsdam P
91%
Dresden DD
89%
Gelsenkirchen GE
89%
Mönchengladbach MG
89%
Aachen AC
88%
Krefeld KR
87%
Braunschweig BS
85%
Erlangen ER
85%
Oberhausen OB
84%
Kassel KS
83%
Mainz MZ
82%
Erfurt EF
81%
Freiburg/Breisgau FR
81%
Ludwigshafen LU
79%
Münster MS
79%
Osnabrück OS
79%
Saarbrücken SB
78%
Oldenburg OL
77%
Ulm UL
76%
Lübeck HL
75%
Moers MO
74%
Würzburg
74%
Darmstadt DA
73%
Hamm HAM
73%
Neuss NE
73%
Jena J
72%
Ingolstadt IN
71%
Fürth
69%
Remscheid RS
69%
Offenbach OF
68%
Göttingen
67%
Leverkusen LEV
67%
Koblenz KO
66%
Magdeburg MD
65%
Paderborn PB
65%
Recklinghausen RE
65%
Reutlingen RT
64%
Pforzheim PF
63%
Trier TR
63%
Heidelberg HD
60%
Herne HER
60%
Mülheim / Ruhr MH
58%
Halle / Saale HAL
57%
Bottrop BOT
56%
Wolfsburg WOB
49%
Heilbronn HN
46%
Rostock HRO
45%
Solingen SG
45%
Bergisch Gladbach GL
34%
Keine übereinstimmenden Quizze gefunden
Verteilung der Resultate
Anzahl Personen mit jedem Resultat
Perzentil nach korrekt beantworteten Fragen
Ihre Resultats-Entwicklung
Sie haben dieses Quiz noch nicht gespielt